| 000 | 00359nam a22001337a 4500 | ||
|---|---|---|---|
| 020 | _a9788184897456 | ||
| 082 |
_222 _a005.7585 |
||
| 100 | _aGilmore, W. Jason. | ||
| 245 |
_aBeginning PHP and MySQL: _bFrom novice toprofessional / |
||
| 250 | _a4th. | ||
| 260 |
_aNew Delhi, _bDreamtech, _cc2011. |
||
| 300 |
_axxxiii, 789p. ; _bill. ; _c24 cm. |
||
| 942 |
_2ddc _cIT _07 |
||
| 999 |
_c545 _d545 |
||